|
|
|
|
| LEADER |
00000nam0a2200000 4500 |
| 001 |
365292 |
| 005 |
20231102011754.0 |
| 035 |
|
|
|a (RuTPU)RU\TPU\retro\22655
|
| 090 |
|
|
|a 365292
|
| 100 |
|
|
|a 20211222d1981 k y0rusy50 ca
|
| 101 |
0 |
|
|a rus
|
| 102 |
|
|
|a UA
|
| 105 |
|
|
|a a z 001zy
|
| 200 |
1 |
|
|a Процессы тепло и массообмена в криогенных системах
|e сборник научных трудов
|f Академия наук Украинской ССР, Физико-технический институт низких температур им. Б. И. Веркина ; отв. ред. Ю. А. Кириченко
|
| 210 |
|
|
|a Киев
|c Наукова думка
|d 1981
|
| 215 |
|
|
|a 132 с.
|c ил.
|
| 320 |
|
|
|a Библиогр. в конце ст.
|
| 606 |
1 |
|
|a Криогенная техника
|x Автоматизация
|2 stltpush
|3 (RuTPU)RU\TPU\subj\16267
|9 42400
|
| 610 |
1 |
|
|a теплообмен
|
| 610 |
1 |
|
|a массообмен
|
| 610 |
1 |
|
|a криогенные системы
|
| 610 |
1 |
|
|a изоляция
|
| 610 |
1 |
|
|a криогенные жидкости
|
| 610 |
1 |
|
|a приближенные методы
|
| 675 |
|
|
|a 621.59
|v 4
|
| 702 |
|
1 |
|a Кириченко
|b Ю. А.
|4 340
|
| 712 |
0 |
2 |
|a Академия наук Украинской ССР
|b Физико-технический институт низких температур им. Б. И. Веркина
|c (Харьков)
|2 stltpush
|3 (RuTPU)RU\TPU\col\1121
|9 23519
|
| 801 |
|
1 |
|a RU
|b 63413507
|c 20211222
|
| 942 |
|
|
|c BK
|